=LDR 00000nam 2200000 4500 =001 INLIS000000000038212 =005 20130612143905 =008 ***********************************ind** =035 ##$$0010-061300000038212 =041 ##$$a ind =082 ##$$a 641.5 =100 ##$$a apriadji, wied harry =245 ##$$a hidangan prasekolah sehat =260 ##$$a pustaka bunda $b jakarta =300 ##$$a 109 hlm, ilus, 22cm =850 ##$$a NBPNMAT